[Event "World Cup"]
[Site "Khanty-Mansiysk RUS"]
[Date "2007.11.24"]
[Round "1.1"]
[White "Kudrin, S."]
[Black "Vallejo Pons, F."]
[Result "0-1"]
[WhiteElo "2563"]
[BlackElo "2660"]
[Annotator "de Dovitiis Alejo"]
[PlyCount "82"]
[EventDate "2007.11.24"]
[Source "Mark Crowther"]
[SourceDate "2007.11.26"]

{EL TALENTO DE PACO Desde pequeno descollo en el ajedrez espanol, fue
creciendo no solo en estatura sino ajedrecisticamente para llegar el numero 1
de Espana sin contar al GM Alexei Shirov quien proviene de Letonia. Su estilo
es universal y realmente pareciera que las jugadas les fluyen ?Sera Vallejo la
sorpresa del Mundial? Falta mucho terreno por recorrer, pero desde ya se lo ve
en forma optima. Veamos una refinada partida contra el experimentado GM Kudrin.
} 1. e4 e5 2. Nf3 Nc6 3. Bc4 Bc5 {Las negras responden con la variante
principal frente a la vieja apertura Italiana.} (3... Nf6 {
es la otra gran opcion}) (3... Be7 {se considera solida pero pasiva.}) 4. c3
Nf6 5. d3 {
El giucco pianissimo, es decir el juego lentisimo, la linea aguda era:} (5. d4
exd4 6. cxd4 Bb4+ 7. Nc3 Nxe4 8. O-O Bxc3 9. d5 Bf6 10. Re1 Ne7 11. Rxe4 d6 {
con enormes complicaciones tacticas.}) 5... a6 6. O-O Ba7 7. Bb3 d6 8. Nbd2 O-O
9. Nc4 (9. Re1 Nh5 10. Nf1 Qf6 11. Bg5 Qg6 12. Qd2 h6 13. Be3 Bxe3 14. Nxe3 Nf4
15. g3 Be6 16. Nh4 Qg5 17. Nhf5 Rae8 18. h4 Qg6 19. Kh2 Nh5 20. Qe2 Nf6 21. Qf3
Kh8 22. Rg1 Bxb3 23. axb3 Nd8 24. Raf1 Ne6 25. b4 Qh7 26. Nd5 {
1/2-1/2 Ehlvest,J-Karpov,A/Rotterdam 1989}) 9... b5 ({RR} 9... Ne7 10. Be3 Ng6
11. Bxa7 Rxa7 12. Re1 Re8 13. d4 b5 14. Ncd2 c6 15. Bc2 Rae7 16. a4 h6 17. axb5
axb5 18. Ra8 Qc7 19. Qa1 Bg4 20. h3 Be6 21. Nf1 Nf4 22. Ng3 g6 23. dxe5 dxe5
24. Rd1 {Renna,T-Weldon,C/Long Island 1990/EXT 2002/1-0 (74)}) 10. Ne3 Na5 $5
$146 {!Un tratamiento al mejor estilo Ruy Lopez!} (10... Ne7 11. Nh4 d5 12. Qf3
Bb7 13. Ng4 Nxg4 14. Qxg4 Qc8 15. Qh5 Qe6 {
con buen juego de las negras Pokojowczyk,J-Kostyra,S/Myslenice 1987}) 11. Bc2
c5 {Consecuente con las ideas de Chigorin.} 12. h3 $6 {Luce com innecesaria.} (
12. Re1) (12. a4) 12... Re8 13. Nh2 d5 $1 {
El negro se apodea del territorio central.} 14. Qf3 d4 15. Nf5 Bxf5 {
El caballo amenazaba tornarse peligroso.} 16. Qxf5 c4 $17 17. Bg5 {Una clavada
molesta que el conductor de las negras desestima con suma sencillez.} 17... Qc8
$1 18. Qxc8 $2 {Apostando a un final levemente inferior.} (18. Qf3 $142) 18...
Raxc8 19. cxd4 Bxd4 20. Bxf6 gxf6 21. Rab1 c3 $1 {Anulando al alfil de c2.} 22.
b4 (22. bxc3 Rxc3 23. Rfc1 $2 Rec8) 22... Nc6 23. Ng4 Kg7 24. Ne3 Ne7 {
Controla al equino blanco, como corresponde, sin ceder contrajuego.} 25. Rb3
Kg6 26. a4 $6 {Genera juego por la columna "a" pero Vallejo se encargara de
demostrar como insuficiente.} (26. Rc1 {
/\ Bd1 era razonable para rearmar el juego de las blancas.}) 26... f5 $1 {
Mas espacio, mejor rey, las negras siguen acumulando pequenas ventajas.} 27.
Nxf5 Nxf5 28. exf5+ Kxf5 29. Ra1 Re6 30. axb5 axb5 31. Ra5 Rf6 32. Kf1 (32.
Rxb5 Kg5 33. Rd5 Bxf2+ 34. Kh2 Bd4 35. Rb1 Rf2 $19) 32... Kg5 33. f3 Rb8 34.
Rb1 Rg6 35. g3 {
Las blancas arman una endeble barrera para impedir el avance del rey negro.}
35... h5 $1 36. Rba1 (36. h4+ Kf5 37. Kg2 Rbg8 {
Con feroz ataque sobre el rey blanco.}) 36... h4 {
Abriendo la frontera de las casillas negras.} 37. g4 f5 38. Ra8 (38. Kg2) 38...
Rxa8 39. Rxa8 fxg4 40. hxg4 (40. fxg4 Rf6+ 41. Ke1 Rf2 42. Rg8+ Kh6 43. Bb3 Rb2
$19) 40... h3 {Un peon con destino de gloria.} 41. Rh8 Rh6 (41... Rh6 42. Rg8+
(42. Rxh6 Kxh6 43. Bb3 Kg5 44. Bc2 Kf4 45. Bd1 Kg3 $19) 42... Kf4 43. Rf8+ Kg3
$19 {Una obra maestra posicional del talentoso gran maestro espanol.}) 0-1

[Event "Mundial Fide"]
[Site "?"]
[Date "2007.12.04"]
[Round "?"]
[White "GM_Wang, Yue"]
[Black "GM_Cheparinov"]
[Result "0-1"]
[WhiteElo "2703"]
[BlackElo "2670"]
[Annotator "de Dovitiis Alejo"]
[PlyCount "108"]
[EventDate "2007.??.??"]

{LA NUEVA ESTRELLA BULGARA Aparte del ex campeon Vesselin Topalov, quien hace
de su segundo en los matches el joven Cheparinov, viene ascendiendo
constantemente en el ranking mundial y en su nivel de juego. Analicemos esos
sensibles progresos en una excelente partida contra la tambien joven estrella
china el GM Wang.} 1. d4 Nf6 2. c4 g6 3. Nc3 Bg7 4. e4 d6 5. f3 {Estamos en la
defensa India de Rey, variante Saemisch, favorita en alguna epoca de Karpov y
Portisch.} 5... O-O 6. Be3 (6. Bg5 $5) 6... e5 (6... Nc6) (6... b6) (6... c5 {
Son opciones distintas a la tradicional.}) 7. d5 Nh5 8. Qd2 f5 (8... Qh4+ 9.
Bf2 Qf4 10. Be3 Qh4+ 11. g3 Nxg3 12. Qf2 Nxf1 13. Qxh4 Nxe3 14. Ke2 Nxc4 {
Es un temerario sacrificio de dama intentado sin exito por el GM Velimirovic.})
9. O-O-O a6 (9... Nd7 10. Bd3 Ndf6 11. Nge2) 10. Kb1 Nd7 11. Bd3 Nc5 12. Bc2 b5
{Un contragolpe que urge, ante lo va a ser el ataque blanco en el sector
opuesto.} 13. cxb5 axb5 14. Nxb5 Ba6 15. Nc3 {El retroceso logico.} (15. Bxc5
Bxb5 16. Be3 Qc8 17. Bd3 Qa6 18. a3 Rfb8 $44 {
Palmisano,J-Bonaveri,A/Buenos Aires 1993}) 15... Qb8 16. Nge2 Qb4 {
Las negras trasladan sus fuerzas hacia el enroque adversario.} 17. Bxc5 dxc5 (
17... Qxc5 18. Na4 $5) 18. a3 Qa5 19. Nc1 Bc4 20. Bb3 $6 {
Permite al negro echar mas lena al fuego.} (20. Bd3 $142) 20... Bxb3 21. Nxb3
Qb6 22. Qc2 Rfb8 23. Ka2 Nf4 $1 {Las negras molestan por el sector opuesto.}
24. Nc1 c4 $1 25. Rd2 Bf8 {
La pieza que faltaba ya esta alistada para la ofensiva.} 26. g3 $2 {Diagrama #}
(26. Ka1 {
Era imperiosa para poder tapar en la columna "a" con los caballos blanoos.})
26... Bxa3 $3 {El inicio de un ataque incesante.} 27. bxa3 $8 Rxa3+ $1 {
Siguen las entregas de material.} 28. Kxa3 Qb4+ 29. Ka2 Ra8+ 30. Na4 c3 {
!Sangre fria! Cheparinov no se tienta por capturar la dama adversaria.} (30...
Rxa4+ 31. Qxa4 Qxa4+ 32. Kb1 Nd3 {Era tambien potable para el segundo bando.})
31. Ka1 $1 {La mejor chance defensiva.} (31. Rf2 Rxa4+ 32. Qxa4 Qxa4+ 33. Kb1
Qb4+ 34. Ka1 Nh3) 31... cxd2 (31... Rxa4+ 32. Qxa4 Qxa4+ 33. Ra2) 32. Na2 Rxa4
33. gxf4 Qd4+ 34. Kb1 (34. Qb2 d1=Q+) 34... Rc4 35. Qb3 fxe4 36. d6 (36. Rd1 e3
) 36... cxd6 37. fxe4 Qxe4+ 38. Kb2 Qxh1 39. Qxc4+ Kg7 (39... d5 $2 40. Qc8+
Kg7 41. Qd7+) 40. Qe6 {Diagrama # El manotazo de ahogado.} (40. Nc3 Qc1+ 41.
Kb3 d1=Q+ 42. Nxd1 Qxd1+) 40... d1=N+ $1 (40... d1=Q $4 41. Qe7+ Kg8 42. Qe8+ {
Seria jaque perpetuo.}) 41. Kc2 (41. Kb3 Qf3+) 41... Ne3+ 42. Kd3 Nf5 {
Las negras ya estan a salvo de los jaques.} 43. fxe5 Qf3+ 44. Kd2 Qf2+ 45. Kd3
Qd4+ 46. Kc2 dxe5 47. Nc3 Qf2+ 48. Kb1 Qg1+ 49. Kb2 Qxh2+ 50. Ka3 Qg3 {
Ya es posicion de abandono.} 51. Kb4 Qf4+ 52. Ka5 Qd4 53. Nd5 Qc5+ 54. Ka4 Qd6
{Las blancas deben cambiar damas pasando a un final sin esperanzas. Una gran
produccion del conductor de las piezas negras.} 0-1

[Event "Tal Mem"]
[Site "Moscow RUS"]
[Date "2007.11.16"]
[Round "6"]
[White "Shirov, A."]
[Black "Carlsen, M."]
[Result "1-0"]
[WhiteElo "2739"]
[BlackElo "2714"]
[Annotator "de Dovitiis Alejo"]
[PlyCount "67"]
[EventDate "2007.11.10"]

{MEMORIAL TAL: SHIROV GANA EL CHOQUE DE LOS DISCIPULOS DEL INOLVIDABLE MISHA.
Mikhail Tal dejo una huella imborrable en el ajedrez por su carisma y su
estilo magico. Dos talentos que se le parecen en estilo son los grandes
maestros Shirov y el joven Carlsen. Analicemos este juego muy esperado por la
aficion ajedrecistica:} 1. e4 e5 2. Nf3 Nc6 3. Bb5 a6 4. Ba4 Nf6 5. O-O Nxe4 {
Carlsen elige la variante abierta.} 6. d4 b5 7. Bb3 d5 8. dxe5 Be6 9. Nbd2 Be7
(9... Nc5 10. c3 Be7 11. Bc2 Bg4 12. Re1 Qd7 {era otra linea.}) 10. c3 O-O 11.
Re1 Nc5 (11... Nxd2 12. Bxd2 Na5 13. Bc2 c5 $13) 12. Nd4 Nxd4 13. cxd4 Nd3 14.
Re3 Nxc1 15. Rxc1 c5 $5 {
Para no quedarse con el peon retrasado en la columna abierta.} 16. dxc5 Rc8 17.
Rec3 $146 {
Diagrama # Las blancas se aferran al peon !aunque cueste una calidad!} (17. Rd3
Bxc5 18. Ne4 dxe4 19. Rxd8 Rfxd8 20. Qe1 Bxb3 21. axb3 Bd4 22. Rxc8 Rxc8 23. g3
Bxe5 24. Qxe4 Bxb2 25. Qb7 Rc1+ 26. Kg2 g6 27. Qxa6 b4 {
1/2-1/2 Kaiumov,D-Buturin,V/Primorsko 1989}) 17... b4 18. R3c2 Bf5 19. c6 Bxc2
20. Rxc2 Qa5 21. Nf3 $1 {
La colocacion del corcel en d4 y el peon de mas compensa la calidad de menos.}
21... Rfd8 22. Nd4 g6 23. e6 $1 Bf6 (23... f5) 24. exf7+ Kxf7 25. h4 Qb6 26.
Rd2 Rd6 {Diagrama # Las negras parecen afianzarse en su defensa pero Shirov
saca otro conejo de su galera.} 27. Nf5 $3 Rdxc6 (27... gxf5 28. Rxd5 Rxd5 29.
Qxd5+ Kg7 30. Qf7+ Kh8 31. Qxf6#) 28. Bxd5+ Kf8 29. Bxc6 Rxc6 30. Ne3 {
Ahora el blanco tiene todo controlado.} 30... Bxh4 31. Qf3+ Rf6 $2 {
Grave yerro en posicion muy brava para el negro.} (31... Bf6) 32. Qa8+ Kg7 33.
Qe4 b3 34. axb3 {Las amenazas son multiples: Qxh4, Nd5 etc. El jugador de
sangre letona ha seguido con el linaje del recordado Mikhail.} 1-0

[Event "World Cup"]
[Site "Khanty-Mansiysk RUS"]
[Date "2007.12.10"]
[Round "6.2"]
[White "Kamsky, G."]
[Black "Carlsen, M."]
[Result "1-0"]
[WhiteElo "2714"]
[BlackElo "2714"]
[Annotator "de Dovitiis Alejo"]
[PlyCount "85"]
[EventDate "2007.11.24"]

1. e4 e5 2. Nf3 Nf6 {Ahora Carlsen va por la Petroff.} 3. d4 Nxe4 4. Bd3 d5 5.
dxe5 Be7 6. O-O Bg4 7. h3 Bh5 8. Re1 (8. c4 Ng5 9. Qa4+ c6 10. Nxg5 Bxg5 11.
cxd5 Bxc1 12. Rxc1 Qxd5 13. Qe4 Qxe4 14. Bxe4 O-O 15. Nc3 Nd7 16. f4 Nc5 17.
Bc2 f6 18. b4 Na6 19. Bb3+ Kh8 20. g4 Be8 21. e6 f5 22. e7 Rf6 23. g5 Rd6 24.
Rd1 Rd7 25. Rxd7 Bxd7 26. Rd1 Be8 27. Rd8 Nc7 28. Bf7 {
1-0 Krupkova,M-Jurikova,D/Nymburk 1994}) 8... Nc6 9. Nc3 $5 $146 (9. Bf4 g5 10.
Bh2 g4 11. hxg4 Bxg4 12. Nc3 Nxf2 13. Kxf2 Bc5+ 14. Kf1 Nd4 15. Be2 Nxf3 16.
Bxf3 Qh4 17. Qe2 Qxh2 18. Qb5+ c6 19. Qxc5 Bxf3 20. gxf3 Rg8 21. Qf2 Qh3+ {
0-1 Schmider,B-Kresovic,V/Germany 1993}) 9... Bg6 10. Bd2 Nxd2 (10... Nxc3 {
parece mejor.}) 11. Qxd2 d4 12. Ne4 O-O 13. a3 Qd5 14. Qf4 $14 Rfe8 15. Re2 Bf8
16. Ng3 {Las blancas tienen supremacia territorial.} 16... Bxd3 17. cxd3 Re6 $2
{El inicio de un plan pseudoactivo, la torre se mete en una jungla.} 18. Nh5
Rae8 19. Rae1 a5 20. Qg4 {Ya las blancas amenazan Nf6+} 20... Rg6 {Diagrama #}
21. Nf4 $1 {
La clave: la torre negra luego de los cambios cae en arenas movedizas.} 21...
Rxg4 22. Nxd5 Rg6 23. g4 $1 Rd8 24. Nf4 Rh6 25. g5 {Las blancas ganan calidad.}
25... Re6 26. Nxe6 fxe6 27. Rc1 Rd5 28. Rc4 Bc5 29. h4 Bb6 30. Kg2 Ne7 31. h5 {
Kamsky progresa sin prisa.} 31... Rd8 32. Re4 Nf5 33. Nh4 Ne7 34. Kg3 g6 35.
Kg4 Rd5 36. hxg6 hxg6 37. a4 $1 {Secando las posibilidades de las negras.}
37... Kf7 38. Rc1 Rd8 39. Rh1 Kg7 40. Ng2 Nf5 41. Nf4 {
Son muchas las debilidades del negro.} 41... Re8 42. Ree1 c5 43. Rh3 {
El doblaje en la columna "h" define la contienda.} 1-0

[Event "World Cup"]
[Site "Khanty-Mansiysk RUS"]
[Date "2007.12.11"]
[Round "6.4"]
[White "Shirov, A."]
[Black "Karjakin, Sergey"]
[Result "1-0"]
[WhiteElo "2739"]
[BlackElo "2694"]
[Annotator "de Dovitiis Alejo"]
[PlyCount "139"]
[EventDate "2007.11.24"]

1. e4 e5 2. Nf3 Nc6 3. Bb5 a6 4. Ba4 Nf6 5. O-O Be7 6. Re1 b5 7. Bb3 O-O 8. c3
d5 {Otra vez el gambito Marshall, que ya fuera derrotado por Shirov en su
match con Jackovenko.} 9. exd5 Nxd5 10. Nxe5 Nxe5 11. Rxe5 c6 12. d3 {
Una linea interesante, diferente a:} (12. d4 Bd6 13. Re1 Qh4 14. g3 Qh3) 12...
Bd6 13. Re1 Bf5 14. Qf3 Qh4 15. g3 (15. Qxf5 $2 Qxh2+ 16. Kf1 Qh1+ 17. Ke2
Rae8+ 18. Be3 Nxe3 19. fxe3 Rxe3+ 20. Kxe3 Qxe1+ 21. Kd4 (21. Kf3 Qf1+ 22. Kg4
h5+ 23. Qxh5 (23. Kg5 Be7+ 24. Kxh5 Qxf5#) 23... Qf4+ 24. Kh3 Qg3#) 21... Qg1+
22. Ke4 Re8+) 15... Qh3 16. Bxd5 (16. Nd2 Rae8 17. Ne4 Bg4 18. Qg2 Qxg2+ 19.
Kxg2 f5 20. Bf4 Bxf4 21. gxf4 fxe4 22. dxe4 Bf3+ 23. Kxf3 Rxf4+ 24. Kg3 Rfxe4
25. Rxe4 Rxe4 26. f3 Re5 27. c4 bxc4 28. Bxc4 a5 29. Rc1 Kf8 30. Bxd5 Rg5+ 31.
Kf4 Rxd5 32. Rxc6 Rd2 33. Ra6 Rxh2 34. Rxa5 Rxb2 35. a4 Kf7 36. Kf5 g6+ 37. Ke5
Re2+ 38. Kf4 h5 39. Ra7+ {1/2-1/2 Polgar,J-Svidler,P/San Luis 2005}) 16... cxd5
17. Qxd5 (17. Be3 Bxd3 18. Qxd5 Rad8 19. Qf3 Rfe8 20. Nd2 Qf5 21. Qxf5 Bxf5 22.
Bd4 f6 23. f3 b4 24. Ne4 Bc7 25. Kf2 bxc3 26. bxc3 Rb8 27. Re2 Kf7 28. Rd1 h5
29. Bc5 Kg6 30. Bd4 {1/2-1/2 Carlsen,M-Anand,V/Leon 2005}) 17... Rad8 18. Qg2
$146 {Una sensata novedad, para morigerar la ofensiva negra.} (18. Qf3 Bb8 (
18... Rfe8 19. Rxe8+ Rxe8 20. Bd2 Bc5 21. b4 Bg4 22. Qg2 Bxf2+ {
0-1 Mano,A-Feng,J/IECC email 1999/Corr 2004 (22)}) 19. d4 Bg4 20. Qg2 Qh5 21.
Nd2 Rde8 22. Re3 f5 23. Qd5+ Kh8 24. Rxe8 Rxe8 25. b3 h6 26. Ba3 Re2 27. Qd8+
Kh7 28. Qxb8 Rxd2 29. Qf4 Re2 30. h4 Bf3 31. Bc5 Re4 32. Qc7 Qg4 33. Kh2 f4 34.
Rg1 Qh5 {0-1 Voss,M-Happe,R/Germany 1993/Corr Nr. 1 (34)}) (18. a4 Bb8 19. Qg2
Qh5 20. axb5 Bxd3 21. bxa6 Rfe8 22. Be3 Be4 23. f3 Bxf3 24. Qf2 Re6 25. Nd2 Ba8
26. Bd4 Bxg3 27. Qxg3 Rg6 28. Re3 f5 29. Kf2 Rxg3 30. hxg3 Qh2+ 31. Ke1 Qh1+
32. Nf1 Bg2 {Raidna,R-Sacerdotali,S/IECG email 2001/Corr 2004/0-1 (45)}) 18...
Qxg2+ (18... Qh5 $5) 19. Kxg2 Bxd3 20. Be3 Rfe8 21. Nd2 f6 22. Bb6 Rb8 23.
Rxe8+ Rxe8 24. Nb3 Bc4 25. Rd1 Bf8 26. Be3 $14 {
Las blancas van armando su posicion con peon de mas.} 26... Kf7 27. Na5 Be6 (
27... Bxa2 28. b3) 28. a3 Rc8 29. f3 Rc7 30. Rd8 Rc8 31. Nb7 $1 Rc7 (31... Rxd8
32. Nxd8+ Ke7 33. Nxe6 {Es un final ganador.}) 32. Nd6+ Bxd6 33. Rxd6 Bc8 34.
Kf2 {Shirov es un especialista en ganar finales superiores con alfiles de
diferente color.} 34... Ke7 35. Rb6 Kd7 36. g4 Rc6 37. Rb8 g6 38. Ra8 Ke6 39.
Bd4 h5 40. h4 $1 {si el negro cambia el blanco adquiere un peon h libre.} 40...
Ke7 41. Ra7+ Bd7 42. Kg3 Re6 43. Kf4 Ke8 44. gxh5 gxh5 45. Kf5 {
No hay buenos descubiertos.} 45... Rd6+ (45... Re3+ 46. Rxd7 Rxf3+ 47. Ke4) 46.
Kg6 Bc6 47. f4 Be4+ 48. Kxh5 Rd5+ 49. Kh6 Rf5 50. Be3 Bf3 51. Kg6 {
La posicion negra languidece.} 51... Be4 52. Kg7 Rh5 53. Kxf6 Bd3 54. Ra8+ Kd7
55. Ra7+ Kc6 56. Rxa6+ Kd5 57. Ra8 Rxh4 58. Rd8+ Ke4 59. Kg5 Rh2 60. Bc5 Rg2+
61. Kf6 Bc4 62. Rd4+ Kf3 63. a4 {
Shirov aprovecha todas las oportunidades para progresar.} 63... Rxb2 64. a5 Ra2
65. Bb4 Re2 66. f5 Re8 67. Rxc4 $1 {
El toque final, la torre sola no puede parar a los dos peones libres blancos.}
67... bxc4 68. Kg7 Re4 69. f6 Rg4+ 70. Kf8 1-0

[Event "Corus Chess 2007"]
[Site "Wijk aan Zee"]
[Date "2007.??.??"]
[Round "13"]
[White "Radjabov"]
[Black "Topalov"]
[Result "1/2-1/2"]
[WhiteElo "2729"]
[BlackElo "2783"]
[Annotator "de Dovitiis Alejo"]
[PlyCount "51"]
[EventDate "2007.??.??"]

{El duelo ideal: ultima ronda y los dos contendientes !unicos punteros!
?Podria el joven batir al gran Topalov?} 1. d4 Nf6 2. c4 e6 3. Nf3 d5 4. g3
Bb4+ 5. Bd2 Be7 6. Bg2 O-O 7. O-O c6 8. Bf4 Nbd7 9. Qc2 a5 10. Rd1 Nh5 11. Bc1
b5 {Topalov no repite movidas con} (11... Nhf6) 12. cxd5 cxd5 13. e4 {
Una ruptura necesaria, de lo contrario la dama blanca se hallaria mal en c2.}
13... dxe4 14. Qxe4 Rb8 15. Qe2 Nhf6 16. Bf4 Rb6 17. Ne5 Nd5 18. Bxd5 exd5 19.
Nc3 {Todo ya visto hasta aqui...} 19... Nxe5 $5 $146 {!La novedad de Topalov!}
(19... Nf6 20. Nxb5 Ba6 21. a4 Ne4 22. Rdc1 Qe8 23. Rc7 Bd8 24. Ra7 f6 25. Nd7
Rf7 26. Nxb6 Rxa7 27. Nxd5 Rd7 28. Ndc3 Rxd4 29. Re1 f5 30. Qc2 Rb4 31. Nd5
Rxb5 32. axb5 Qxb5 33. Nc7 Qc4 34. Qd1 Bxc7 35. Qd7 h6 36. Qxc7 Qb4 37. Qb8+
Qxb8 38. Bxb8 Nd2 39. Ra1 g5 40. f4 Nb3 41. Ra3 Bc4 42. Bc7 g4 43. Bxa5 {
1-0 Kramnik,V-Topalov,V/Elista 2006.}) 20. dxe5 {La mejor opcion de recaptura.}
(20. Bxe5 b4 $36) (20. Qxe5 Be6 {/\ b4.}) 20... d4 $1 {
Buscar activar las piezas, principalmente al alfil de c8.} 21. Be3 {Las blancas
eligen una opcion que pone a las negras en aprietos pero el gran maestro
bulgaro tenia todo previsto segun parece.} (21. Nxb5 Ba6 (21... Qd5 22. Nxd4
Bb7 23. f3 Bc5 24. Be3 Qxe5 25. Qf2 Re8 $44) 22. a4 Qd5 23. Nc7 Qh1+ 24. Kxh1
Bxe2 25. Rxd4 Bf3+ 26. Kg1 Rxb2 $14) 21... dxe3 $1 22. Qxe3 {Una decision
justa que iguala pero la toma de la dama era digna de consideracion, quizas
Radjabov sorprendido prefirio llevar las cosas hacia la igualdad.} (22. Rxd8
exf2+ 23. Qxf2 Bxd8 24. Nd5 Rc6 25. Rd1 {Es peligroso por lo abierto de las
grandes diagonales, pero parece jugable para el primer bando.}) 22... Bg5 $8 (
22... Bd7 23. Rxd7 Qxd7 24. Qxb6 $16) 23. Qc5 $8 (23. f4 $2 Bxf4 $1 24. Qxf4 (
24. gxf4 $2 Rg6+ $17) 24... Qe8 $15) 23... Be7 {El empate es forzoso.} 24. Qe3
Bg5 25. Qc5 Be7 26. Qe3 {Emocionante partida con un empate logico segun lo
visto sobre el tablero. Primer puesto para ambos que fueron alcanzados por
Aronian debido a su victoria de la ultima ronda vs Tiviakov.} 1/2-1/2

[Event "25 Abierto de Playa Unión"]
[Site "?"]
[Date "2007.??.??"]
[Round "?"]
[White "Aguilar, Andrés"]
[Black "Hualpa, Eduardo"]
[Result "1-0"]
[WhiteElo "2230"]
[BlackElo "2150"]
[Annotator "de Dovitiis, Aguilar"]
[PlyCount "51"]
[EventDate "2006.12.15"]

1. e4 c5 2. Nf3 d6 3. d4 cxd4 4. Nxd4 Nf6 5. Nc3 a6 6. Bc4 {
El ataque Sozin, popularizado por Bobby Fischer.} 6... e6 7. Bb3 {
Las blancas se resguardan de un futuro Nxe4 seguido de d5 de las negras.} 7...
Nbd7 8. O-O Nc5 9. Bg5 h6 10. Bh4 Qc7 11. Re1 Be7 12. f4 Nfxe4 $2 $146 (12...
O-O 13. Qf3 b5 14. e5 dxe5 (14... Bb7 15. exf6 Bxf3 16. fxe7 Rfe8 17. Nxf3 $16
{ya que as tres piezas son superiores a la dama Westerveld,W-Mawira,H/
Netherlands 1992.}) 15. fxe5 Bb7 16. Qg3 {
con juego complejo para ambos lados. lBonev,T-Bojchev,M/Kazanllak 2005}) 13.
Bxe7 (13. Nxe4 Bxh4) 13... Nxc3 14. bxc3 Qxe7 (14... Kxe7 15. Nf5+ Kd7 16. Nxg7
) 15. Nf5 $1 Qf6 16. Nxd6+ Ke7 17. Qd5 $1 {
La jugada que mantiene la iniciativa y no deja desarrollar las piezas al negro.
} 17... Nxb3 18. axb3 Qxc3 {Para evitar Qc5 de las blancas.} 19. Rad1 (19. f5
Qxa1 $1 {!Cuidado con los recursos tacticos!}) 19... g6 20. Nc4 Kf8 21. Qc5+
Kg7 22. Re3 {La mala situacion del rey negro, sumada a su pobre desarrollo
hacen que la partida este definida pero el maestro chubutense Aguilar la
concluye con precision y energia} 22... Qxc2 (22... Qf6 23. Qc7 {
Y las piezas negras no salen}) 23. Qd4+ Kh7 24. Rc3 Qa2 25. Ne5 {
El ataque final.} 25... Rf8 26. Rc7 {La amenaza Nxf7 y otras no tienen
solucion. La mejor partida del vigesimo quinto torneo de Playa Union.} 1-0

[Event "?"]
[Site "?"]
[Date "2007.03.06"]
[Round "?"]
[White "GM_Carlsen"]
[Black "GM_Ivanchuk"]
[Result "1-0"]
[WhiteElo "2690"]
[BlackElo "2750"]
[Annotator "de Dovitiis Alejo"]
[PlyCount "69"]
[EventDate "2007.??.??"]

1. d4 Nf6 2. c4 g6 3. Nc3 d5 {La defensa Grufeld, favorita del GM Svidler.} 4.
cxd5 Nxd5 5. e4 Nxc3 6. bxc3 Bg7 7. Bc4 c5 8. Ne2 Nc6 9. Be3 O-O 10. O-O Na5 (
10... Bg4 {es la variante principal.}) 11. Bd3 b6 12. Rc1 cxd4 13. cxd4 e6 14.
Qd2 Bb7 15. h4 {Carlsen se lanza a la ofensiva.} 15... Qe7 (15... Nc6 16. Bb1
Qxh4 17. Bg5 Qh5 18. e5 h6 19. Be3 Rfd8 20. Nf4 Qh4 21. Be4 Rac8 22. g3 Qe7 23.
Qb2 Na5 24. Bxb7 Qxb7 25. Qe2 Nc6 26. Rc4 Ne7 27. Rxc8 Rxc8 28. Rd1 Qd7 29. Qf3
Rd8 30. Rc1 $17 {Stocek,J-Eljanov,P/Mallorca 2004}) (15... h5 16. Bg5 Qd7 17.
Bh6 Rfc8 18. Bxg7 Kxg7 19. Qg5 Qd8 20. Qg3 Rxc1 21. Rxc1 Rc8 22. Re1 Nc6 23. d5
Nb4 24. Bb1 exd5 25. a3 Nc2 26. Rd1 Qe7 27. Bxc2 Rxc2 28. Nd4 Qxe4 29. Nxc2
Qxc2 30. Qe5+ $18 {Timman,J-Baramidze,D/Koelln 2007}) 16. h5 Rfc8 17. e5 Rxc1
$146 (17... Qd8 18. f3 Bd5 19. Bg5 f6 20. Bh6 Nc4 21. Bxc4 Bxc4 22. Bxg7 Kxg7
23. Nf4 fxe5 24. Rxc4 exf4 25. h6+ Kxh6 26. Qxf4+ Qg5 27. Qh2+ Qh5 28. Qf4+ Qg5
29. Qh2+ Kg7 30. Rc7+ Rxc7 31. Qxc7+ Kg8 32. Re1 Qd5 33. Re4 Qxa2 34. Rf4 Rf8
35. Rxf8+ Kxf8 36. Qd8+ Kf7 37. Qc7+ {1/2-1/2 Andrews,S-Stone,R/Lansing 1989})
18. Rxc1 Rc8 {
Las negras apuestan al canje de piezas pesadas para lograr la igualdad.} 19.
Rxc8+ Bxc8 20. Bg5 $1 {Buena maniobra para canjear al alfil del fianchetto.}
20... Qc7 $6 (20... Qe8 $5) 21. Bf6 Nc6 22. Qg5 h6 $2 (22... Qd7 $142) 23. Qc1
$18 {La clavada mata a las negras.} 23... g5 24. Bb5 Bd7 25. d5 $1 {
El golpe mortal, el blanco gana una pieza.} 25... exd5 26. Nd4 Bxf6 27. exf6
Qd6 28. Bxc6 Qxf6 29. Bxd7 Qxd4 30. g3 Qc5 {
Las negras no se salvan aun sin damas.} 31. Qxc5 bxc5 32. Bc6 d4 33. Bb5 {
Todo se halla bloqueado, nada queda por hacer para el negro.} 33... Kf8 34. f4
gxf4 35. gxf4 1-0